| 000 | 00922nas a2200289 4500 | ||
|---|---|---|---|
| 001 | BR8804638 | ||
| 003 | BR-BrBNA | ||
| 005 | 20231205091247.0 | ||
| 007 | ta | ||
| 008 | 230509b bl.|||p| |||| 00| 00por d | ||
| 040 |
_aBR-BrBNA _bpor _cBiblioteca Nacional de Agricultura |
||
| 041 | _a(Pt) | ||
| 072 | _aQ04 | ||
| 100 | 1 | _aSouza, N.E. de | |
| 100 | 1 | _aMatsushita, M. | |
| 100 | 1 | _aPereira, P.L. | |
| 245 | 1 | _aAnalises comparativas de oleo de abacate com oleo de soja e oliva e de suas misturas | |
| 246 | 1 | _aComparative analyses of the avocado oil soybean and olive oils and their mixtures | |
| 650 | _aABACATE | ||
| 650 | _aSOJA | ||
| 650 | _aAZEITONA | ||
| 650 | _aOLEO VEGETAL | ||
| 650 | _aANALISE DE ALIMENTO | ||
| 773 | 0 |
_tArquivos de Biologia e Tecnologia (Brazil) _xISSN 0365-0979 _g(Nov 1987), v. 30(4) p. 533-541 _wBR8804638 |
|
| 909 |
_a202311 _bLúcia _c55 _dLúcia Elande |
||
| 942 |
_2AGRIS _n0 _cANA |
||
| 999 |
_c123945 _d123945 |
||